The Doomsday Conspiracy (Record no. 350870)
[ view plain ]
| 000 -LEADER | |
|---|---|
| fixed length control field | 01201cim a2200337 a 4500 |
| 001 - CONTROL NUMBER | |
| control field | 5667877 |
| 003 - CONTROL NUMBER IDENTIFIER | |
| control field | OSt |
| 005 - DATE AND TIME OF LATEST TRANSACTION | |
| control field | 20180116183027.0 |
| 007 - PHYSICAL DESCRIPTION FIXED FIELD--GENERAL INFORMATION | |
| fixed length control field | ssulunjlcnnnu |
| 008 - FIXED-LENGTH DATA ELEMENTS--GENERAL INFORMATION | |
| fixed length control field | 921028s1991 caunnn f eng |
| 010 ## - LIBRARY OF CONGRESS CONTROL NUMBER | |
| LC control number | 92789281 |
| 020 ## - INTERNATIONAL STANDARD BOOK NUMBER | |
| International Standard Book Number | 1558003827 |
| 024 3# - OTHER STANDARD IDENTIFIER | |
| Standard number or code | 9781558003828 |
| 028 02 - PUBLISHER NUMBER | |
| Publisher number | 41450 |
| Source | Dove Audio |
| 040 ## - CATALOGING SOURCE | |
| Original cataloging agency | DLC |
| Transcribing agency | DLC |
| 050 00 - LIBRARY OF CONGRESS CALL NUMBER | |
| Classification number | RZA 0817 |
| 082 ## - DEWEY DECIMAL CLASSIFICATION NUMBER | |
| Classification number | 813.54 SHE 1992 |
| 100 1# - MAIN ENTRY--PERSONAL NAME | |
| Personal name | Sheldon, Sidney. |
| 245 14 - TITLE STATEMENT | |
| Title | The Doomsday Conspiracy |
| Statement of responsibility, etc. | author, reader, Sidney Sheldon. |
| 260 ## - PUBLICATION, DISTRIBUTION, ETC. | |
| Place of publication, distribution, etc. | Beverly Hills, CA : |
| Name of publisher, distributor, etc. | Fontana |
| Date of publication, distribution, etc. | p1991. |
| 300 ## - PHYSICAL DESCRIPTION | |
| Extent | 445 p. |
| Other physical details | PB |
| 306 ## - PLAYING TIME | |
| Playing time | 030000 |
| 440 ## - SERIES STATEMENT/ADDED ENTRY--TITLE | |
| Title | The Doomsday Conspiracy |
| 500 ## - GENERAL NOTE | |
| General note | In container (18 cm.). |
| 520 ## - SUMMARY, ETC. | |
| Summary, etc. | An abridgment of the novel about a United States Navy commander who is assigned by the National Security Agency to investigate the crash of a weather balloon near an isolated Swiss village and discovers the accident actually involved an unidentified flying object containing two alien bodies. |
| 650 #0 - SUBJECT ADDED ENTRY--TOPICAL TERM | |
| Topical term or geographic name entry element | Navies |
| General subdivision | Officers |
| Form subdivision | Fiction. |
| 650 #0 - SUBJECT ADDED ENTRY--TOPICAL TERM | |
| Topical term or geographic name entry element | Extraterrestrial beings |
| Form subdivision | Fiction. |
| 906 ## - LOCAL DATA ELEMENT F, LDF (RLIN) | |
| a | 7 |
| b | cbc |
| c | orignew |
| d | 2 |
| e | ncip |
| f | 19 |
| g | y-genmusic |
| 942 ## - ADDED ENTRY ELEMENTS (KOHA) | |
| Source of classification or shelving scheme | |
| Koha item type | Book |
| Withdrawn status | Lost status | Source of classification or shelving scheme | Damaged status | Not for loan | Collection code | Permanent Location | Current Location | Shelving location | Date acquired | Total Checkouts | Total Renewals | Full call number | Barcode | Date last seen | Date last checked out | Price effective from | Koha item type |
|---|---|---|---|---|---|---|---|---|---|---|---|---|---|---|---|---|---|
| Central Library (CL) | Central Library (CL) | Fiction | 12/16/2015 | 3 | 4 | 813.54 SHE 1992 | NBSD-2355 | 06/08/2023 | 02/26/2020 | 12/16/2015 | Book |
